• 首页
  • 本馆介绍
  • 公告通知
  • 最新文献
  • 馆藏检索
  • 电子资源
  • 读者导购
  • 参考咨询
  • 我的图书馆
  • 登录
  • 详细信息显示
  • 放入我的书架
  • 预约/预借图书
  • 作者相关作品
  • 分类相关作品
  • 丛书相关作品
  • 出版社相关作品

书目信息

  • 表格格式
  • 工作单格式
  • 卡片格式
题名:
国营工业企业领导制度
    
 
作者: ;国家经委干部培训中心企业管理局 编
分册:  
出版信息: 北京   经济科学出版社  1984.3
页数: 259页
开本: 20cm
丛书名:
单 册:
中图分类: F406.1
科图分类:
主题词: 工业经济--经济理论
电子资源:
ISBN:
000 00643nam0 2200193 45
001 0306191701
005 20031219104111.4
010    @dCNY0.90
100    @a20030619d1984 km y0chiy0120 ea
101 0  @achi
105    @a z 000yy
200 1  @a国营工业企业领导制度@AGuo Ying Gong Ye Qi Ye Ling Dao Zhi Du@f国家经委干部培训中心企业管理局编@FGuo Jia Jing Wei Gan Bu Pei Xun Zhong Xin Qi Ye Guan Li Ju Bian
210    @a北京@c经济科学出版社@d1984.3
215    @a259页@d20cm
606 0  @a工业经济@x经济理论
690    @aF406.1@v3
711 02 @a国家经委干部培训中心企业管理局@4编
801    @aCN@bTSTC@c20030619
905    @f3@b114628-630@dF406.1@e63
    
    国营工业企业领导制度/国家经委干部培训中心企业管理局编.-北京:经济科学出版社,1984.3
    259页;20cm
    
    
    ISBN :CNY0.90
    
●
相关链接 在E读中查询图书 在五车中查询图书 在当当中查询图书 在豆瓣中查询图书


正题名:国营工业企业领导制度     索取号:F406.1/63         预约/预借

序号 登录号 条形码 馆藏地/架位号 状态 备注
1 0114627   000208224   第一借阅区/ [索取号:F406.1/63] 在馆    
2 0114628   001803668   密集书库/ [索取号:F406.1/63] 在馆    
3 0114629   001803622   密集书库/ [索取号:F406.1/63] 在馆    
4 0114630   001803613   密集书库/ [索取号:F406.1/63] 在馆    
5 0114631   000208260   第一样本阅览室/ [索取号:F406.1/63] 在馆    
唐山师范学院图书馆 欢迎您!
大连网信软件有限公司© 版权所有